<?xml version="1.0" encoding="UTF-8"?><?xml-stylesheet type="text/xsl" href="static/style.xsl"?><OAI-PMH xmlns="http://www.openarchives.org/OAI/2.0/" xmlns:xsi="http://www.w3.org/2001/XMLSchema-instance" xsi:schemaLocation="http://www.openarchives.org/OAI/2.0/ http://www.openarchives.org/OAI/2.0/OAI-PMH.xsd"><responseDate>2026-04-17T06:02:44Z</responseDate><request verb="GetRecord" identifier="oai:riubu.ubu.es:10259/3827" metadataPrefix="marc">https://riubu.ubu.es/oai/request</request><GetRecord><record><header><identifier>oai:riubu.ubu.es:10259/3827</identifier><datestamp>2021-11-10T09:38:22Z</datestamp><setSpec>com_10259_3822</setSpec><setSpec>com_10259_5086</setSpec><setSpec>com_10259_2604</setSpec><setSpec>col_10259_3823</setSpec></header><metadata><record xmlns="http://www.loc.gov/MARC21/slim" xmlns:doc="http://www.lyncode.com/xoai" xmlns:xsi="http://www.w3.org/2001/XMLSchema-instance" xmlns:dcterms="http://purl.org/dc/terms/" xsi:schemaLocation="http://www.loc.gov/MARC21/slim http://www.loc.gov/standards/marcxml/schema/MARC21slim.xsd">
<leader>00925njm 22002777a 4500</leader>
<datafield tag="042" ind1=" " ind2=" ">
<subfield code="a">dc</subfield>
</datafield>
<datafield tag="720" ind1=" " ind2=" ">
<subfield code="a">Delgado del Rincón, Luis Esteban</subfield>
<subfield code="e">author</subfield>
</datafield>
<datafield tag="260" ind1=" " ind2=" ">
<subfield code="c">2014-03</subfield>
</datafield>
<datafield tag="520" ind1=" " ind2=" ">
<subfield code="a">El Decreto-ley 16/2012, de 20 de abril, ha modificado la legislación en materia de extranjería y sanidad. Una de las medidas que adopta es la privación del derecho de asistencia sanitaria a los inmigrantes irregulares, salvo en determinadas circunstancias. En el trabajo se examina la constitucionalidad de la restricción legislativa de ese derecho social respecto del colectivo de los inmigrantes irregulares por razones de carácter económico. También se analiza la utilización del Decreto-ley como norma idónea para limitar el derecho a la salud. En otra parte del trabajo se acomete el estudio de la diferente reacción de las Comunidades Autónomas ante la reforma introducida por el Decreto-ley 16/2012 y de la posible invasión de la legislación básica estatal por determinas normas autonómicas que amplían las prestaciones sanitarias y la titularidad del derecho a los inmigrantes irregulares</subfield>
</datafield>
<datafield tag="520" ind1=" " ind2=" ">
<subfield code="a">Decree-Law 16/2012, of April 20, has changed the legislation on immigration&#xd;
and health. One of the measures adopted is the deprivation of the right to health care&#xd;
to irregular migrants, except in certain circumstances. The paper examines the constitutionality&#xd;
of the legislative restriction of the right social respect of undocumented&#xd;
migrants for economic reasons. It also discusses the use of Decree-Law as a rule&#xd;
appropriate for limiting the right to health. In another part of the work is undertaken&#xd;
the study of the different reaction of the Autonomous Communities to reform introduced&#xd;
by Decree-Law 16/2012 and the invasion of the basic state legislation for&#xd;
regional rules you determine that extend health care services and ownership of the&#xd;
right irregular migrants</subfield>
</datafield>
<datafield tag="024" ind2=" " ind1="8">
<subfield code="a">0048-7694</subfield>
</datafield>
<datafield tag="024" ind2=" " ind1="8">
<subfield code="a">http://hdl.handle.net/10259/3827</subfield>
</datafield>
<datafield ind1=" " ind2=" " tag="653">
<subfield code="a">extranjería</subfield>
</datafield>
<datafield ind1=" " ind2=" " tag="653">
<subfield code="a">extranjeros irregulares</subfield>
</datafield>
<datafield ind1=" " ind2=" " tag="653">
<subfield code="a">derechos sociales</subfield>
</datafield>
<datafield ind1=" " ind2=" " tag="653">
<subfield code="a">el derecho a la salud</subfield>
</datafield>
<datafield ind1=" " ind2=" " tag="653">
<subfield code="a">asistencia sanitaria a inmigrantes irregulares</subfield>
</datafield>
<datafield ind1=" " ind2=" " tag="653">
<subfield code="a">immigration</subfield>
</datafield>
<datafield ind1=" " ind2=" " tag="653">
<subfield code="a">illegal foreigners</subfield>
</datafield>
<datafield ind1=" " ind2=" " tag="653">
<subfield code="a">social rights</subfield>
</datafield>
<datafield ind1=" " ind2=" " tag="653">
<subfield code="a">the right to health</subfield>
</datafield>
<datafield ind1=" " ind2=" " tag="653">
<subfield code="a">health care for illegal migrants</subfield>
</datafield>
<datafield tag="245" ind1="0" ind2="0">
<subfield code="a">El derecho a la asistencia sanitaria de los inmigrantes irregulares: reflexiones sobre la reforma introducida por el Real Decreto-ley 16/2012, de 20 de abril</subfield>
</datafield>
</record></metadata></record></GetRecord></OAI-PMH>